000 00533nam a22001697a 4500
003 OSt
008 260427b |||||||| |||| 00| 0 eng d
082 _a635.34
_bC35E
100 _aChoudhary, Rajesh Kumar
245 _aEffect of Different Levels of Nitrogen and Phosphorus on Growth Yield and Quality of Hybrid Cabbage (Brassica Oleracea Var Capitala L.)
260 _aPusa, Samastipur
_bRAU
_c2001
300 _a61P.
502 _bMsc.
_d2001
650 _aVegetables and Floriculture
650 _aHorticulture
942 _2ddc
_cT
999 _c50199
_d50199